LEADER 00652nam a2200181 4500 001 000000351830 003 CaOOAMICUS 005 20221010154849.0 008 221010s2018 it 000 u ita r 040 $aSeMil$bita 100 1 $aSchuster, Alfredo Ildefonso,$c.$0(OLS)http://semarc/name/89146 245 10$aOpere /$cIldefonso Schuster. 264 1$aMilano :$bJaca Book :$bCentro Ambrosiano 300 $av. ;$c23 cm 774 0 $tScritti storici.$w()351831 996 $6245$aOpere$9(OLS)http://semarc/title/2208 996 $6264$aMilano :$bJaca Book :$bCentro Ambrosiano$9(OLS)http://semarc/publisher/60669 LEADER 00398nab a2200133 i 4500 001 000000312733 003 CaOOAMICUS 005 20180831173058.0 008 180831n xx uu u0 0und r 013 $a21825 040 $aSeMil$bita 245 10$aDocumenti, Note e Discussioni. 773 0 $t[Luglio-Dicembre].$g330-336, 482-49$w()274218 996 $6245$aDocumenti, Note e Discussioni$9(OLS)http://semarc/title/386651